000 00331nam a2200145Ia 4500
005 20251222143215.0
008 251222s9999||||xx |||||||||||||| ||spa||
020 _a9780800719029
082 _a649.64/L44
100 _aLeman, Kevin
245 0 _aHave a New Kid by Friday
250 _a1ra.ed.
264 _bRevell
942 _cLIB
999 _c13593
_d13593